| 000 | 00927nam a22003017a 4500 | ||
|---|---|---|---|
| 001 | BR8101272 | ||
| 003 | BR-BrBNA | ||
| 005 | 20230928090927.0 | ||
| 007 | ta | ||
| 008 | 230509b bl.||||| |||| 00| 0 por d | ||
| 040 |
_aBR-BrBNA _bpor _cBiblioteca Nacional de Agricultura |
||
| 041 | _a(Por) | ||
| 072 |
_aF00 _b1000 _b3530 _b/G514 |
||
| 090 | _ 1000 BR8101272 | ||
| 100 | 1 | _aDaher, F.M. | |
| 110 | 1 |
_aSecretaria Nacional de Producao Agropecuaria, Brasilia, DF (Brasil). Secretaria de Producao Vegetal. Coordenadoria de Sementes e Mudas _99240 |
|
| 245 | 1 | _aProducao de mudas citricas [Brasil] | |
| 246 | 1 | _a[Production of citrus seedlings [Brazil]] | |
| 260 | 3 |
_aBrasilia, DF (Brasil): _c1980. |
|
| 300 | _a19 p. | ||
| 650 | _aProducao vegetal | ||
| 650 | _aFruta citrica | ||
| 650 | _aMuda | ||
| 650 | _aPorta enxerto | ||
| 650 | _aReproducao vegetal | ||
| 909 |
_a202309 _bLucia _c55 _dLucia Elande |
||
| 942 | _cBK | ||
| 999 |
_c31304 _d31304 |
||